Phương pháp tính ứng dụng trong tính toán kỹ thuật /

Spremljeno u:
Bibliografski detalji
Glavni autor: Nguyễn Hoài Sơn, TS.
Format: Sách giấy
Jezik:Vietnamese
Izdano: Tp. HCM : Đại học Quốc gia, 2008.
Teme:
Oznake: Dodaj oznaku
Bez oznaka, Budi prvi tko označuje ovaj zapis!
Thư viện lưu trữ: Thư viện Trường Đại học Đà Lạt
LEADER 01240nam a2200337 4500
001 DLU110116536
005 ##20110224
040 # # |a DLU  |b vie 
041 # # |a vie 
044 # # |a vn 
082 # # |a 620.001 51  |b NG-S 
100 # # |a Nguyễn Hoài Sơn,  |c TS. 
245 # # |a Phương pháp tính ứng dụng trong tính toán kỹ thuật /  |c Nguyễn Hoài Sơn. 
260 # # |a Tp. HCM :  |b Đại học Quốc gia,  |c 2008. 
300 # # |a 258 tr. :  |b minh hoạ ;  |c 21 cm. 
504 # # |a Tài liệu tham khảo: tr.224. 
505 # # |a Chương 1. Sai số -- Chương 2. Nội suy - Ngoại suy -- Chương 3. Phương trình phi tuyến một biến f(x)=0 -- Chương 4. Hệ phương trình tuyến tính và phi tuyến -- Chương 5. Xử lý số liệu thực nghiệm -- Chương 6. Tích phân số -- Chương 7. Phương trình vi phân thường -- Chương 8. Tối ưu hoá. 
653 # # |a Phương pháp tính 
653 # # |a Tính toán mô phỏng 
653 # # |a Toán học ứng dụng 
923 # # |a 15/2010 
991 # # |a GT 
992 # # |a 39000 
994 # # |a DLU 
900 # # |a True 
911 # # |a Đào Thị Thu Huyền 
925 # # |a G 
926 # # |a A 
927 # # |a SH 
980 # # |a Thư viện Trường Đại học Đà Lạt